တတိယအကြိမ်ပြည်သူ့လွှတ်တော် သတ္တမအစည်းအဝေးကျင်းပမည့် ပြည်သူ့လွှတ်တော်အစည်းအဝေးခန်းမ.../ (Record no. 27150)

000 -LEADER
fixed length control field 00928nam a22001697a 4500
005 - DATE AND TIME OF LATEST TRANSACTION
control field 20260123084435.0
008 - FIXED-LENGTH DATA ELEMENTS--GENERAL INFORMATION
fixed length control field 230713b ||||| |||| 00| 0 eng d
040 ## - CATALOGING SOURCE
Transcribing agency SSBUL
Modifying agency SSBUL
082 ## - DEWEY DECIMAL CLASSIFICATION NUMBER
Edition number 23
Classification number ၃၂၈.၅၉၁ တ ၁၆၁၂၈ (S-SAT)
245 ## - TITLE STATEMENT
Title တတိယအကြိမ်ပြည်သူ့လွှတ်တော် သတ္တမအစည်းအဝေးကျင်းပမည့် ပြည်သူ့လွှတ်တော်အစည်းအဝေးခန်းမ.../
260 ## - PUBLICATION, DISTRIBUTION, ETC.
Date of publication, distribution, etc. ၁၉၈၄။
300 ## - PHYSICAL DESCRIPTION
Extent ၅၉ စာမျက်နှာ၊
Dimensions ၁၈ စင်တီ။
500 ## - GENERAL NOTE
General note S-SAT: Dr. Prof Sai Aung Tun
650 ## - SUBJECT ADDED ENTRY--TOPICAL TERM
Topical term or geographic name entry element မြန်မာနိုင်ငံပြည်သူ့လွှတ်တော်။
9 (RLIN) 27829
Topical term or geographic name entry element လွှတ်တော်အစည်းအဝေးများ
Geographic subdivision မြန်မာနိုင်ငံ။
9 (RLIN) 27844
942 ## - ADDED ENTRY ELEMENTS (KOHA)
Source of classification or shelving scheme
Koha item type Book (Short term)
Holdings
Withdrawn status Lost status Source of classification or shelving scheme Damaged status Not for loan Collection code Permanent Location Current Location Shelving location Date acquired Total Checkouts Full call number Barcode Date last seen Price effective from Koha item type Accession
          Special Collections Shan State Buddhist University Library Shan State Buddhist University Library Special Collection Shelves 13/07/2023   ၃၂၈.၅၉၁ တ ၁၆၁၂၉ (S-SAT) MB00016129 13/07/2023 13/07/2023 Book (Short term) ၁၆၁၂၉ (S-SAT)

Library - 09407999929
Admin Office - 09407999979
Dean Office - 09250910768
Registrar Office - 09892297154
Email - [email protected]
Shan State Buddhist University, Phaya Phyu Taunggyi, Shan State, Myanmar.